| 000 | 00425cam a2200181ua 4500 | ||
|---|---|---|---|
| 020 | _c35.00 | ||
| 041 |
_aeng _h |
||
| 082 |
_a501 _bCAL/SC |
||
| 100 | _aCalder, Ritchie . | ||
| 245 |
_aScience in our lives / _cRitchie Calder. _hTextual Documents |
||
| 250 |
_a1 / _b. |
||
| 260 |
_a : _bA Signet Key Book , _c1955. |
||
| 300 | _a190 ; . | ||
| 365 | _a35.00 | ||
| 504 | _a | ||
| 942 | _cBK | ||
| 999 |
_c5715 _d5715 |
||